| 000 | 01195nam a22003015i 4500 | ||
|---|---|---|---|
| 999 |
_c7344 _d7344 |
||
| 001 | .b74977532 | ||
| 003 | OSt | ||
| 005 | 20210423104613.0 | ||
| 008 | 210208e202012 spc||||| |||| 00| 0bcat|c | ||
| 017 |
_aDL B 12436-2020 _bBiblioteca de Catalunya |
||
| 020 |
_a9788417804527 _q(Ara Llibres) |
||
| 020 |
_a9788478228829 _q(Institució Alfons el Magnànim) |
||
| 040 |
_aES-GiUDG _bcat _erda _cES-GiUDG |
||
| 100 | 1 |
_aTormo, Jordi, _d1979- _eautor |
|
| 245 | 1 | 0 |
_aIsabel-Clara Simó : _buna veu lliure i compromesa / _cJordi Tormo i Santonja ; pròleg de Núria Cadenes |
| 250 | _aPrimera edició | ||
| 264 | 1 |
_aBarcelona : _bAra Llibres ; _aValència : _bInstitució Alfons el Magnànim Centre Valencià d'Estudis i Investigació, _cdesembre del 2020 |
|
| 300 |
_a220 pàgines ; _c23 cm |
||
| 336 |
_atext _btxt _2rdacontent |
||
| 337 |
_asense mediació _bn _2rdamedia |
||
| 338 |
_avolum _bnc _2rdacarrier |
||
| 600 | 1 | 7 |
_aSimó, Isabel-Clara, _d1943-2020 _2lemac |
| 650 | 7 |
_aEscriptores catalanes _yS. XX _2lemac |
|
| 700 | 1 |
_aCadenes, Núria, _d1970- _eescriptor d'un pròleg |
|
| 907 |
_a.b74977532 _b10-02-21 _c08-02-21 _d08-02-21 _em _fa _g- _hcat _ispc _j0 _k0 |
||
| 940 | _aUdG | ||
| 942 |
_2udc _cMON |
||